000
00275nam a2200109Ia 4500
008
200302s9999 xx 000 0 und d
100
_a
Indra Kagis Mcewen
245
_a
Vitruvius Writing the Body of Architecture
260
_b
The Mit Press
260
_c
2003
300
_a
493 P.,
999
_c
2801
_d
2801